Meilleur tireur à 3pts dans chaque équipe NBA (2024-2025) - Statistiques

Statistiques générales
  • Ce quiz a été pris 17 fois
  • Le résultat moyen est 6 sur 30
Statistiques - réponses
Team Nationality 3P% Réponse % Correct
Los Angeles Clippers France 43.3 Nicolas Batum
75%
Golden State Warriors USA 39.7 Stephen Curry
63%
Philadelphia 76ers France 38.0 Guerschon Yabusele
56%
Los Angeles Lakers Japan 41.3 Rui Hachimura
50%
Denver Nuggets USA 43.6 Aaron Gordon
44%
Chicago Bulls* USA 44.6 Zach LaVine
38%
New York Knicks USA 42.0 Karl Anthony Towns
31%
San Antonio Spurs USA 43.3 Harrison Barnes
25%
Phoenix Suns USA 43.0 Kevin Durant
25%
Minnesota Timberwolves USA 41.0 Mike Conley
25%
Oklahoma City Thunder USA 41.2 Isaiah Joe
19%
Dallas Mavericks USA 40.1 Kyrie Irving
19%
Detroit Pistons USA 41.6 Malik Beasley
19%
Boston Celtics USA 41.6 Sam Hauser
19%
Charlotte Hornets USA 45.6 Seth Curry
19%
Miami Heat USA 39.3 Duncan Robinson
13%
Atlanta Hawks Czech Republic 43.7 Vit Krejci
13%
Brooklyn Nets USA 39.0 Cameron Johnson
6%
New Orleans Pelicans USA 37.3 C.J. McCollum
6%
Washington Wizards USA 38.3 Justin Champagnie
6%
Memphis Grizzlies USA 43.3 Luke Kennard
6%
Houston Rockets USA 39.8 Aaron Holiday
0%
Utah Jazz USA 42.2 Brice Sensabaugh
0%
Orlando Magic USA 35.3 Cole Anthony
0%
Portland Trail Blazers USA 38.9 Jabari Walker
0%
Toronto Raptors USA 40.5 Jamison Battle
0%
Indiana Pacers USA 40.5 Jarace Walker
0%
Sacramento Kings USA 43.3 Keon Ellis
0%
Milwaukee Bucks USA 43.9 Taurean Prince
0%
Cleveland Cavaliers USA 43.9 Ty Jerome
0%
Aucun quiz correspondant
Distribution des résultats
% des personnes avec chaque résultat
Percentile par nombre de réponses
Votre historique - résultats
Vous n’avez pas pris ce quiz